Guessing footballers based on 3 facts #1 - Statistics

General Stats
  • This quiz has been taken 137 times
  • The average score is 9 of 13
Answer Stats
Fact Fact Fact Footballer % Correct
Won the World Cup Argentinian Is 1.70m tall Lionel Messi
100%
An award was named after him Hungarian 324 goals for Real Madrid Ferenc Puskas
88%
Moved from Tottenham to Bayern Striker Englishman Harry Kane
87%
Moved for an incredible 222 million euros Was once a player of the season at FC Santos Often failed due to injuries Neymar
81%
Played for Gladbach and moved to Barcelona Won the Confederations Cup with Germany in 2017 Goalkeeper Marc-André TerStegen
77%
Was voted player of the game in the 2010 World Cup final Played at Barcelona Moved to Japan to end his career Andres Iniesta
75%
Central defender 1x Dutch Footballer of the Year Moved from Ajax to Juventus Matthijs deLigt
75%
Made his debut for LOSC Lille in 2007 at the age of only 16 years Belgian Moved from Chelsea to Real Madrid Eden Hazard
74%
Played at Dortmund Became World Champion In 2018 Moved in one of his transfers for 135 million Ousmane Dembele
74%
Brazilian Played in his best time at Real Madrid and AC Milan His home club is Sao Paulo Kaka
64%
Scored in the Champions League final Played at Bayer Leverkusen Mikel Arteta is one of his coaches Kai Havertz
53%
Played at Newcastle Won a Ballon d‘Or Moved from Liverpool to Real Madrid Michael Owen
53%
World Champion 2014 Was 8x German Champion Made his debut in 2003 against Rostock Philipp Lahm
48%
No matching quizzes found
Score Distribution
Percent of People with Each Score
Percentile by Number Answered
Your Score History
You have not taken this quiz